LEADER 01376cam0 2200289 450 001 E600200036965 005 20220512065728.0 010 $a88-14-00576-1 100 $a20080514d1985 |||||ita|0103 ba 101 $aita 102 $aIT 200 1 $a<>effettività della tutela giurisdizionale tra la pluralità delle giurisdizioni e la disciplina della finanza pubblica$eatti del Convegno - Napoli 11-12 novembre 1983$aSalerno 13 novembre 1983$fCentro di ricerche e studi per l'amministrazione e la finanza pubblica di Napoli 210 $aMilano$cGiuffrè$d1985 215 $aVII, 448 p.$d25 cm 712 02$a*Centro di ricerche e studi per l'amministrazione e la finanza pubblica di Napoli$3AF00024607$4070 801 0$aIT$bUNISOB$c20220512$gRICA 850 $aUNISOB 852 $aUNISOB$j340$m123330 852 $aUNISOB$j340$m43113 912 $aE600200036965 940 $aM 102 Monografia moderna SBN 941 $aM 957 $a340$b004019$gSi$d123330$rdono$1pomicino$2UNISOB$3UNISOB$420080514084315.0$520220512065711.0$6rovito 957 $a340$b000384$gSI$d43113$rACQUISTO$p30.000$1rovito$2UNISOB$3UNISOB$420220512065716.0$520220512065728.0$6rovito 996 $aSalerno 13 novembre 1983$91685514 996 $aEffettività della tutela giurisdizionale tra la pluralità delle giurisdizioni e la disciplina della finanza pubblica$964391 997 $aUNISOB